000 00675nam a22001937a 4500
005 20100812113537.0
010 _aENG-99988
020 _a9789350011379
_c70.00
035 _aEN-83520
037 _bDBAD/PUB
082 _a882.08
100 _aRamesh, N.
_911530
245 _aThe love theme in Shakespeare's midsummer night's dream /
_cby N. Ramesh
260 _aPerambalur
_bMercury Printers & Publishers
_c2008
270 _bPerambalur
_e621212
300 _a69p.
_c21cm (pbk)
942 _2ddc
_cEN
_h882.08
_mRAM
999 _c41248
_d41248